Prima pars huius operis: continens textu[m] biblie cu[m] postilla domini Hugonis Cardinalis

Bibliographic Details
Other Authors: Amerbach, Johann, 1444-1513 (Printer)
Format: Book
Language:Latin
Published: Bazilej [Koberger, Anton] [po 29.10.1498]

MARC

LEADER 00000nam a2200000 4500
001 vtls012244329
003 SK-MaSNL
005 20260302051510.0
008 251112s1498 sz 001 0 lat
015 |a SNBHFA 
038 |a SNKHF 
040 |a SNK  |b slo  |c SNK  |e rda 
041 0 |a lat 
044 |a sz  |c CH 
130 1 |a Biblia latina  |n Pars I.  |9 707213 
245 0 0 |a Prima pars huius operis: continens textu[m] biblie cu[m] postilla domini Hugonis Cardinalis 
264 3 |a Bazilej  |b [Amerbach, Johann]  |c [po 29.10.1498] 
264 1 |a Bazilej  |b [Koberger, Anton]  |c [po 29.10.1498] 
300 |a ab⁸cdef⁶⁸g⁸h⁶ik⁸lm⁶n-s⁸⁶t-zA⁶⁸BC⁸D⁶E-G⁸H-L⁶M-Zaa-vv⁸⁶, 464 fólií  |c 2° (36x25) cm 
336 |a text  |b txt  |2 rdacontent 
337 |a bez média  |b n  |2 rdamedia 
338 |b zväzok  |b nc  |2 rdacarier 
510 4 |a Kotvan  |c 253 
510 4 |a Kotvan - Frimmová  |c 105 
510 4 |a ISTC  |c ib00610000 
510 4 |a GW  |c 04285 
561 |a Proveniencia: Tlač podľa predchádzajucého spracovania pochádza zo Seminárnej knižnice v Spišskej Kapitule.  |5 SNK Inc A 52/1 
561 |a Tlač bola do roku 1975 uložená v Miestnom pracovisku MS v Spšiskej Novej Vsi, kde mala signatúru 126.  |5 SNK Inc A 52/1 
563 |a Väzba: Renesančná väzba so svetlej usne zdobená slepotlačou. Rámová kompozícia s vpadlým polom rámy zdobené florálnymi motívmi. Stredové zrkadlo s kolkovým dezénom motívom kvetom granatového jablka (alebo motív plodu s naddimenzovaným šrafovaním a s listami). Zachované pôvodne stítky spôn a jedna spona. Na prednej doske zlomok tlače (15. storočie?).  |5 SNK Inc A 52/1 
700 1 |a Koberger, Anton,  |d asi 1440-1513  |4 pbl  |9 262115 
700 1 |a Amerbach, Johann,  |d 1444-1513  |4 prt  |9 214875 
710 2 |a Seminárna knižnica - Spišská kapitula (Spišské podhradie, Slovensko)  |4 fmo  |9 338399 
752 |a Švajčiarsko  |d Bazilej 
852 |a snk  |b Historické fondy  |p Inc A 52/1 
958 |a ONDV 
999 |c 1101421  |d 1103351 
952 |t Inc A 52/1  |a SNK  |b SNK  |c SNK_HF  |y PREZ  |7 0  |p 17A1486895  |o snkInc A 52/1  |i snk1976/1425  |8 5  |0 0  |1 0  |4 0  |d 2023-11-20  |f 1  |l 0  |r 2026-02-24 17:30:38  |w 2026-02-24